000 00532nam a22001695a 4500
005 20111226164035.0
020 _a9781423102212
_c$ 6.50
037 _bPUB
100 _aBeechwood, Beth
_937619
245 _aKeeping secret /
_cadapted by Beth Beechwood
260 _aNew York
_bDisney Press
_c2006
270 _a114 Fifth Avenue,
_bNew York
300 _a124p.:
_bill.
_c20cm(pbk)
490 _aHannah montana
_937620
942 _2ddc
_cCH
_mBEE
999 _c59995
_d59995